Statistics for Countries That Are Smaller Than All Of Their Neighbors

Click here to take the quiz!

General Stats

  • This quiz has been taken 39 times
  • The average score is 39 of 51

Answer Stats

ContinentAnswer% Correct
EuropeAndorra
95%
EuropeKosovo
95%
EuropeLiechtenstein
95%
EuropeLuxembourg
92%
EuropeSlovenia
92%
EuropeSan Marino
89%
EuropeVatican City
89%
North AmericaBelize
86%
North AmericaEl Salvador
86%
EuropeEstonia
86%
EuropeIreland
86%
AfricaLesotho
86%
EuropeMonaco
86%
AfricaEswatini
84%
EuropeMoldova
84%
AsiaArmenia
81%
AsiaBrunei
81%
North AmericaHaiti
81%
EuropeSlovakia
81%
AsiaSouth Korea
81%
South AmericaUruguay
81%
AsiaBhutan
78%
North AmericaCosta Rica
78%
AsiaLebanon
78%
AsiaNepal
78%
OceaniaPapua New Guinea
78%
EuropePortugal
78%
AsiaUnited Arab Emirates
78%
South AmericaEcuador
76%
AfricaGambia
76%
AsiaCambodia
73%
AfricaEquatorial Guinea
73%
EuropeFinland
73%
AsiaKuwait
73%
AsiaMongolia
73%
South AmericaParaguay
73%
AsiaEast Timor
70%
AsiaQatar
70%
South AmericaSuriname
70%
AsiaTajikistan
70%
South AmericaChile
68%
AfricaDjibouti
68%
AfricaGuinea-Bissau
65%
AfricaRwanda
65%
AfricaTogo
65%
AfricaTunisia
65%
AfricaMalawi
62%
AsiaBangladesh
51%
AfricaSierra Leone
49%
AfricaZimbabwe
46%
AfricaMorocco
35%

Score Distribution

Percentile by Number Answered

Percent of People with Each Score

Your Score History

You have not taken this quiz